Παραμύθια απο τη Σάμο = Folktales from Samos

Αποθηκεύτηκε σε:
Λεπτομέρειες βιβλιογραφικής εγγραφής
Κύριος συγγραφέας: Νικολαΐδου, Ίρις
Μορφή: Βιβλίο
Γλώσσα:Greek
Δημοσίευση: Σάμος : Απόπλους, 2003.
Θέματα:
Ετικέτες: Προσθήκη ετικέτας
Δεν υπάρχουν, Καταχωρήστε ετικέτα πρώτοι!

MARC

LEADER 00000cam a2200000 i 4500
001 1/48106
008 040209s2003####gr | | ||| |||| ||gre||
020 |a 960-86652-2-1  
035 |l 10072193 
040 |a GR-MY-UA  |b gre  |e aacr 
041 0 |a gre 
082 0 |a 808.80375  
100 1 |a Νικολαΐδου, Ίρις. 
245 1 0 |a Παραμύθια απο τη Σάμο =   |b Folktales from Samos /   |c συλλογή, μετάφραση και επιμέλεια απο την Ιριδα Νικολαϊδου.  
246 1 |i Παράλληλος τίτλος:   |a Folktales from Samos  
260 |a Σάμος :   |b Απόπλους,   |c 2003.  
300 |a 185 σ.;   |b εικ.;   |c 21 εκ.  
650 0 |a Fairy tales  |z Greece  |z Samos (Municipality) 
650 0 0 |a Children's stories, Greek (Modern) 
650 0 0 |a Folk literature, Greek  |z Greece  |z Samos (Municipality) 
852 |a INST  |b SAMOS  |e 20040209  |h 808.80375 ΝΙΚ  |p 005300023472  |q 005300023472  |t BK  |y 0 
901 |a BIBL3-2004-1 
909 |a Σ  |b 107214 
922 |a 3ΕΛΗ  |b 200111  |c ΒΙΒΛΙΟΘΗΚΗ  |d ΚΑΡΑΣΤΑΘΗΣ 
970 |a ΚΟΣΙΕΡΗΣ  |b ΧΡΗΣΤΟΣ  |z 2004/02/09